[Event "Regionalliga NW 1415"]
[Site "Bayern"]
[Date "2015.02.01"]
[Round "6.1"]
[White "Schulz, Lukas"]
[Black "Schindler, Viktor"]
[Result "1-0"]
[WhiteElo "2158"]
[BlackElo "2141"]
[PlyCount "59"]
[EventDate "2014.10.19"]
[EventType "team-tourn"]
[EventRounds "9"]
[EventCountry "GER"]
[SourceTitle "EXT 2018"]
[Source "ChessBase"]
[SourceDate "2017.10.13"]
[SourceVersion "1"]
[SourceVersionDate "2017.10.13"]
[SourceQuality "1"]
[WhiteTeam "Hoechstadt/Aisch"]
[BlackTeam "Hof PTSV"]
[WhiteTeamCountry "GER"]
[BlackTeamCountry "GER"]

1. e4 e6 2. d4 c5 3. d5 exd5 4. exd5 d6 5. Nc3 Nf6 6. Bb5+ Nbd7 7. a4 Be7 8. Nf3 0-0 9. h3 Qc7 10. 0-0 a6 11. Bd3 Re8 12. g4 Nf8 13. Re1 Ng6 14. Ng5 Bd7 15. f4 Bf8 16. Be3 c4 17. Bf1 Rxe3 18. Rxe3 Qc5 19. Qf3 Ne7 20. Rd1 b5 21. Nce4 Nxe4 22. Nxe4 Qb6 23. a5 Qxa5 24. Nxd6 Qb4 25. Ne4 Qxb2 26. d6 Nc6 27. Nc5 Be8 28. d7 Bxc5 29. Qxc6 Bxe3+ 30. Kh1 1-0

[Event "Bayern-ch"]
[Site "Westerndorf St Peter"]
[Date "2013.08.26"]
[Round "3.11"]
[White "Schindler, Viktor"]
[Black "Schelle, Artur"]
[Result "1-0"]
[WhiteElo "2120"]
[BlackElo "2210"]
[PlyCount "59"]
[EventDate "2013.08.25"]
[EventType "swiss"]
[EventRounds "9"]
[EventCountry "GER"]
[SourceTitle "EXT 2019"]
[Source "ChessBase"]
[SourceDate "2018.10.10"]
[SourceVersion "1"]
[SourceVersionDate "2018.10.10"]
[SourceQuality "1"]

1. e4 d5 2. exd5 Qxd5 3. Nc3 Qa5 4. Nf3 Nf6 5. Be2 Nc6 6. 0-0 Bg4 7. h3 Bh5 8. Rb1 e5 9. g4 Bg6 10. a3 Qc5 11. b4 Qd6 12. d3 0-0-0 13. Nd2 Nd4 14. Nc4 Qe6 15. f4 exf4 16. Bxf4 b5 17. Re1 Kb8 18. g5 Nd5 19. Nxd5 Qxd5 20. Ne3 Qd7 21. Bf1 Bxb4 22. Bg2 Bh5 23. Ng4 Bxg4 24. Qxg4 Qxg4 25. h4 Ne6 26. Bd2 Qh3 27. Be4 c5 28. Bf3 Nd4 29. Bd1 g6 30. Bc3 1-0

[Event "Bayern-ch"]
[Site "Westerndorf St Peter"]
[Date "2013.08.25"]
[Round "1.3"]
[White "Schindler, Viktor"]
[Black "Pohl Kuemmel, Jens Uwe"]
[Result "0-1"]
[WhiteElo "2120"]
[BlackElo "2292"]
[PlyCount "100"]
[EventDate "2013.08.25"]
[EventType "swiss"]
[EventRounds "9"]
[EventCountry "GER"]
[SourceTitle "EXT 2019"]
[Source "ChessBase"]
[SourceDate "2018.10.10"]
[SourceVersion "1"]
[SourceVersionDate "2018.10.10"]
[SourceQuality "1"]

1. e4 d6 2. d4 g6 3. Nc3 Bg7 4. g3 Nc6 5. Nge2 Bg4 6. Qd3 a6 7. a3 Nf6 8. Bg2 0-0 9. h3 Bd7 10. 0-0 e5 11. d5 Ne7 12. g4 Ne8 13. Ng3 c5 14. Nce2 b5 15. f4 exf4 16. Nxf4 Qb6 17. Qf3 Nc7 18. Kh1 Rae8 19. c3 a5 20. Be3 a4 21. Rad1 Qb8 22. Rg1 Kh8 23. Qf2 Nc8 24. Nf1 Nb6 25. Nd2 Bc8 26. Nd3 f5 27. gxf5 gxf5 28. Qh4 Ncxd5 29. exd5 Rxe3 30. Nf4 Rfe8 31. Nf1 Bd7 32. Nxe3 Rxe3 33. Rge1 Nc4 34. Bf1 Rxe1 35. Rxe1 Ne5 36. Bg2 Kg8 37. Nh5 Qf8 38. Qg5 Ng6 39. Nxg7 Kxg7 40. Bf1 Qf6 41. Qxf6+ Kxf6 42. c4 bxc4 43. Bxc4 Ne5 44. Be2 Be8 45. Kg2 Bf7 46. Rd1 Ng6 47. Bf3 Nh4+ 48. Kf2 Nxf3 49. b4 axb3 50. a4 c4 0-1

[Event "Bayern-ch 82nd"]
[Site "Regensburg"]
[Date "2011.08.22"]
[Round "3"]
[White "Schindler, Viktor"]
[Black "Zill, Christoph"]
[Result "1/2-1/2"]
[WhiteElo "2137"]
[BlackElo "2175"]
[PlyCount "38"]
[EventDate "2011.08.20"]
[EventType "swiss"]
[EventRounds "9"]
[EventCountry "GER"]
[SourceTitle "EXT 2015"]
[Source "ChessBase"]
[SourceDate "2014.11.20"]
[SourceVersion "1"]
[SourceVersionDate "2014.11.20"]
[SourceQuality "1"]

1. e4 e6 2. d4 d5 3. e5 c5 4. c3 Nc6 5. Nf3 Nh6 6. Bxh6 gxh6 7. Be2 Bg7 8. 0-0 0-0 9. Na3 cxd4 10. cxd4 Qb6 11. Qd2 f6 12. exf6 Rxf6 13. Nc2 a5 14. a3 a4 15. Rad1 Bd7 16. Nb4 Na5 17. Ne5 Bb5 18. Bxb5 Qxb5 19. Nbd3 Nc4 1/2-1/2

[Event "Regionalliga NW 1011"]
[Site "Bayern"]
[Date "2011.02.06"]
[Round "6.1"]
[White "Schindler, Viktor"]
[Black "Lang, Stefan1"]
[Result "1-0"]
[WhiteElo "2171"]
[BlackElo "2021"]
[PlyCount "74"]
[EventDate "2010.10.10"]
[EventType "team-tourn"]
[EventRounds "9"]
[EventCountry "GER"]
[SourceTitle "EXT 2012"]
[Source "ChessBase"]
[SourceDate "2011.11.24"]
[SourceVersion "1"]
[SourceVersionDate "2011.11.24"]
[SourceQuality "1"]
[WhiteTeam "Hof PTSV"]
[BlackTeam "Bad Neustadt"]
[WhiteTeamCountry "GER"]
[BlackTeamCountry "GER"]

1. e4 c5 2. Nf3 Nc6 3. c3 Nf6 4. e5 Nd5 5. Bc4 Nb6 6. Bb3 c4 7. Bc2 g6 8. b3 Bg7 9. bxc4 Nxc4 10. d4 d5 11. 0-0 0-0 12. Nbd2 Qa5 13. Nxc4 dxc4 14. Bd2 Bg4 15. Be4 Rac8 16. h3 Be6 17. Nh2 Rfd8 18. Qe1 Bd5 19. f3 Rd7 20. Ng4 f5 21. Bxd5+ Qxd5 22. Ne3 Qb5 23. g4 e6 24. gxf5 gxf5 25. Ng2 Ne7 26. Nf4 Qc6 27. Rf2 Kh8 28. Rg2 Qxf3 29. Qh4 Rg8 30. Rf1 Qe4 31. Re1 Qc6 32. Kh2 Rf8 33. Reg1 Rf7 34. Nh5 Ng6 35. Rxg6 Bxe5+ 36. Bf4 Bxf4+ 37. Nxf4 Rd8 1-0